MARC

LEADER 00000nam0a2200000 4500
001 173362
005 20231031164457.0
035 |a (RuTPU)RU\TPU\book\188022 
090 |a 173362 
100 |a 20091223d1968 k y0rusy50 ca 
101 0 |a rus 
102 |a RU 
105 |a a z 001zy 
200 1 |a Выход легких ядер, образующихся при делении 235U тепловыми нейтронами  |f А. А. Воробьев [и др.]  |g Академия наук СССР (АН СССР), Физико-технический институт им. А. Ф. Иоффе (ФТИ) 
210 |a Ленинград  |d 1969 
215 |a 14 с.  |c ил. 
320 |a Библиогр.: с. 15. 
610 1 |a физика 
610 1 |a тепловые нейтроны 
610 1 |a изотопы 
610 1 |a деление 
610 1 |a ядра 
610 1 |a энергетические спектры 
610 1 |a труды учёных ТПУ 
675 |a 539.125.517  |v 3 
701 1 |a Воробьев  |b А. А.  |c российский физик  |c ректор Томского политехнического института, профессор  |f 1909-1981  |g Александр Акимович  |2 stltpush  |3 (RuTPU)RU\TPU\pers\12805  |4 070 
701 1 |a Грачев  |b В. Т. 
701 1 |a Кондуров  |b И. А. 
701 1 |a Никитин  |b А. М. 
701 1 |a Селиверстов  |b Д. М. 
712 0 2 |a Академия наук СССР (АН СССР)  |b Физико-технический институт им. А. Ф. Иоффе (ФТИ)  |c (Ленинград)  |2 stltpush  |3 (RuTPU)RU\TPU\col\12056 
801 1 |a RU  |b 63413507  |c 20091223 
801 2 |a RU  |b 63413507  |c 20100311  |g RCR 
942 |c BK